| 000 | 00632nam a22002057a 4500 | ||
|---|---|---|---|
| 999 |
_c645 _d645 |
||
| 005 | 20190910121909.0 | ||
| 008 | 190910b ||||| |||| 00| 0 eng d | ||
| 020 | _a9781510434820 | ||
| 040 | _cKH8 | ||
| 082 | _a468 THA | ||
| 100 | _aThacker, Mike | ||
| 245 |
_aPalabra por palabra : _bSpanish vocabulary for AQA A-level / _cMike Thacker, Phil Turk. |
||
| 250 | _a6th ed. | ||
| 260 |
_aLondon : _bHodder Education, _c2018. |
||
| 300 |
_a168 p. ; _c20 cm. |
||
| 650 |
_a Spanish language _vTextbooks for foreign speakers _xEnglish |
||
| 650 |
_aSpanish language _vVocabulary |
||
| 700 |
_aTurk, Phil _eAuthor |
||
| 942 |
_2ddc _cNFIC |
||